NFL Players you didn't know played for the 49ers - Statistics

General Stats
  • This quiz has been taken 76 times
  • The average score is 4 of 15
Answer Stats
Pos. Known For Player % Correct
WR MIN and NEP Randy Moss
81%
WR DEN Emmanuel Sanders
52%
WR STL Isaac Bruce
47%
RB BUF O.J. Simpson
34%
IOL DAL Larry Allen
32%
CB CAR Josh Norman
31%
CB PIT Rod Woodson
24%
OLD NOS Rickey Jackson
16%
OLB LAR Kevin Greene
15%
RB PHI Brian Westbrook
11%
CB CHI Rosey Taylor
6%
WR NEP Chris Hogan
3%
QB BAL Earl Morrall
2%
CB NOS Dave Waymer
0%
CB BAL Lenny Lyles
0%
No matching quizzes found
Score Distribution
Percent of People with Each Score
Percentile by Number Answered
Your Score History
You have not taken this quiz